Statistics for Toronto Raptors NBA Awards Winners

Click here to take the quiz!

General Stats

  • This quiz has been taken 91 times
    (23 since last reset)
  • The average score is 5 of 8

Answer Stats

Player % Correct
Kawhi Leonard
95%
Pascal Siakam
85%
Vince Carter
80%
Nick Nurse
60%
Lou Williams
45%
Damon Stoudamire
40%
Dwane Casey
40%
Sam Mitchell
20%

Score Distribution

Percentile by Number Answered

Percent of People with Each Score

Your Score History

You have not taken this quiz since the last reset